000 01619cam a22003371i 4500
001 81730
003 BD-RjUL
005 20230821115707.0
008 230821s1972 ii b 000 0 urdr
035 _a(BD-RjUL)81730
040 _aDLC
_beng
_erda
_cWAU
_dOCLCO
041 _aurd
082 0 4 _a306.0954
_223
_bNIA 1972
100 1 _aNizami, Khaliq Ahmad,
_d1925-1997,
_eauthor.
_98438
245 1 0 _aاوراق مصوّر: عهد وسطىٰ کى دلّى /‏ ;; Aurāq-i muṣavvar: ʻahd-i vust̤á kī Dillī /
_c‏[مصنّف] خليق احمد نظامى. ;; [muṣannif] K̲h̲alīq Aḥmad Niz̤āmī.
246 3 _aAuraq-i-musauwar: social history of Delhi
250 _aIshāʻat-i avval.
264 1 _aدهلى : Dihlī :‏‏
_bShuʻbah-yi Urdū, Dihlī Yūnīvarsiṭī,‏شعبۀ اردو، دهلى يونيورسٹى،‏ ,
_c1972.
300 _a123 pages ;
_c22 cm.
490 1 _aNiz̤ām Urdū k̲h̲ut̤bāt ;‏نظام اردو خطبات ؛‏
_v1972.
490 1 _aSilsilah-yi mat̤būʻāt-i Shuʻbah-yi Urdū, Dihlī Yūnīvarsiṭī‏سلسلۀ مطبوعات شعبۀ اردو، دهلى يونيورسٹى
500 _aBack cover title: Auraq-i-musauwar: social history of Delhi.
500 _aIn Urdu.
504 _aIncludes bibliographical references.
650 7 _aSocial conditions
_2fast
650 7 _aSocial history
_98439
651 0 _aDelhi (India)
_xSocial conditions.
_98440
651 7 _6880-09
_aIndia
_zDelhi.
_2fast
_0(OCoLC)fst01205766
_98441
830 0 _aNiz̤ām Urdū k̲h̲ut̤bāt ;‏نظام اردو خطبات ؛‏
_v1972.
_98442
942 _2ddc
_cBK
999 _c81730
_d81730